000 00689nam a2200193 4500
001 126644
003 ES-MaACL
005 20230906192844.0
007 t|
008 070214s1903 fr r ||||1| fre d
100 1 _aRésal, Jean.
_996314
245 1 0 _aPoussée des terres
_b: stabilité des murs de soutènement : theorie des terres : coherentes applications : tables numeriques : cours de l'Ecole des Ponts & Chaussées /
_cJean Résal.
260 _aParis :
_bCh. Béranger,
_c1903.
300 _a2 v. ;
_c26 x 17 cm.
490 1 _aEncyclopédie des Travaux Publics
830 0 _aEncyclopédie des Travaux Publics
_9182909
852 _aES-MaACL
_jF-1637-38
999 _c126644
_d126644